| 000 | 01239nam a22002657a 4500 | ||
|---|---|---|---|
| 005 | 20170124103217.0 | ||
| 010 | _aA-300543 | ||
| 020 | _c20.00 | ||
| 035 | _aA-300543 | ||
| 037 | _bCen Lib/Ret | ||
| 040 |
_aDPL _bHN |
||
| 082 |
_a821.08 _bभारद्वा |
||
| 100 |
_aभारद्वाज, अपर्णा _9110304 |
||
| 245 |
_aसूरदास के भ्रमरगीत में उपलब्ध निर्गुण - सगुन विवाद अध्ययन :/ _cअपर्णा भारद्वाज |
||
| 246 |
_aSoordas ke bharmargeet me uplabdh nirgun - sagun vivad ka adhyayan / _bby Aparna Bhardvaj |
||
| 260 |
_aगाज़ियाबाद _bसंतोष बुक सेंटर _c1987 |
||
| 270 |
_bगाज़ियाबाद _aR-7/E - 88 राजनगर |
||
| 300 |
_a59पृ _c20सेमी(सजिल्द ) |
||
| 500 | _aसन्दर्भ सूची शामिल | ||
| 650 |
_aसाहित्य -- गीत _x _z _9110305 |
||
| 650 |
_aहिंदी -- गीत _9110306 |
||
| 650 |
_a litarature -- songs _9110307 |
||
| 650 |
_a Hindi - songs _943599 |
||
| 942 |
_2ddc _cHN _h821.08 _mभारद्वा |
||
| 999 |
_c121625 _d121625 |
||